000 00541nam a2200193Ia 4500
005 20260120131905.0
008 008 260114s9999 xx 000 0 eng d
020 _a9781383015843
037 _aEBOOK
040 _aCRL
_beng
_cCRL
041 _aeng
_2eng
084 _qCRL
100 _aCunliffe
_9932426
245 0 _aJoseph Butlers Moral and Religious Thought
260 _bOxford University PressOxford University Press
_c2023
856 _uhttps://academic.oup.com/book/54666
942 _cEBOOK
999 _c1524349
_d1524349